| 000 | 01016nam a2200289 i 4500 | ||
|---|---|---|---|
| 001 | 000000620 | ||
| 003 | DO-SdBNP | ||
| 005 | 20241105114658.0 | ||
| 007 | ta | ||
| 008 | 090331s2007 dr 000 0 eng d | ||
| 040 |
_aDO-SdBNP _bspa _cBNPHU _erda |
||
| 041 | _aspa | ||
| 082 | 4 |
_a423.61 _bI19e, 2007 _222 |
|
| 245 | 0 | 0 |
_aIdiomatic expressions inglés-español : _bmost common idiomatic expressions used in the United States / _ccompilado por José Ramón Acosta. |
| 250 | _aPrimera edición | ||
| 264 | 1 |
_aSanto Domingo : _bEditora Mechi, _c2007. |
|
| 300 |
_a84 páginas ; _c21 cm. |
||
| 336 |
_atexto _btxt _2rdacontent |
||
| 337 |
_asin mediación _bn _2rdamedia |
||
| 338 |
_avolumen _bnc _2rdacarrier |
||
| 500 | _aLa biblioteca posee el Libro No. 2 | ||
| 590 | _aInventariado, 2024/ YL | ||
| 650 | 4 |
_aInglés _xPalabras y frases _xEspañol _92054 _vDiccionarios |
|
| 700 | 1 |
_aAcosta, José Ramón, _ecompilador _92056 _4comp. |
|
| 910 | _aYLockward/ Validado. Control de calidad MFF | ||
| 942 |
_2ddc _cLBS1 |
||
| 999 |
_c618 _d618 |
||